|
|
|
|
| LEADER |
00871nam a2200253 a 4500 |
| 001 |
000399576 |
| 003 |
CZ BrMZK |
| 005 |
20070226091528.0 |
| 007 |
ta |
| 008 |
980105s1986 ru f rus d |
| 040 |
|
|
|a BOA001
|b cze
|
| 080 |
9 |
|
|a 530.145
|
| 080 |
9 |
|
|a 524.882
|
| 100 |
1 |
|
|a Gal'cov, Dmitrij Vladimirovič
|4 aut
|
| 245 |
1 |
0 |
|a Časticy i polja v okrestnosti černych dyr /
|c Dmitrij Vladimirovič Gal'cov
|
| 260 |
|
|
|a Moskva :
|b Izdatel'stvo Moskovskogo universiteta,
|c 1986
|
| 300 |
|
|
|a 287 s.
|
| 504 |
|
|
|a Obsahuje bibliografii
|
| 910 |
|
|
|a BOA001
|b 2-0915.688
|b TK-0230.889
|
| 920 |
|
|
|a 000253415
|
| 964 |
|
|
|a Černé díry - částice
|
| 990 |
|
|
|a BK
|
| 996 |
7 |
|
|b 2619352746
|c 2-0915.688
|l MZK
|r Sklad / do 1 hodiny
|n 0
|w 000399576
|u 000010
|a 1
|e BOA001
|j MZK50
|s A
|
| 996 |
7 |
|
|b 2629961222
|c TK-0230.889
|l MZK
|r Sklad / do 24 hodin
|n 0
|w 000399576
|u 000020
|a 1
|e BOA001
|j MZK50
|s A
|